01250cam a2200313Ka 4500003000500000005001700005008004100022020001800063020001500081035002100096037000700117040002800124050001500152082002000167100002100187245008500208260004700293300003200340336002700372337002900399338002800428500006700456505018300523650004700706650004300753650004000796740005600836740004400892322820250915120650.0151105s2000 ii a 000 0 eng d a9788172451202 a8172451202 a(OCoLC)927511250 aOL aZAENCbengc3228dOCLCQ a507.8 VECC04a507.8 VECCbvec1 aVecchione, Glen.10aGoodwill's 100 amazing make-it-yourself science fair projects /cGlen Vecchione. aNew Delhi :bGoodwill Pub. House,c[200-?] a224 pages :billustrations. atextbtxt2rdacontent. aunmediatedbn2rdamedia. avolumebnc2rdacarrier. aReprint. Originally published: New York :Sterling Pub.,©1994. aElectricity, the invisible force -- Light & sound show -- How does it work? -- Amazing life forms -- Creative chemistry -- Earth, clouds & beyond -- Ecology -- Eye & mind tricks. 0aSciencexExperimentsvJuvenile literature. 0aScience projectsvJuvenile literature. 0aScience fairsvJuvenile literature. a100 amazing make-it-yourself science fair projects. aMake-it-yourself science fair projects.